| 000 | 01044nam a22003137i 4500 | ||
|---|---|---|---|
| 003 | EG-ScBUE | ||
| 005 | 20221219114751.0 | ||
| 008 | 090409t2007 sz a f d 000 0 eng d | ||
| 020 | _a9782940373406 | ||
| 020 | _a294037340X | ||
| 040 |
_aEG-ScBUE _beng _erda _cEG-ScBUE _dEG-ScBUE |
||
| 082 | 0 | 4 |
_222 _a729 _bBRO |
| 100 | 1 |
_aBrooker, Graeme, _eauthor. _93579 |
|
| 245 | 1 | 0 |
_aForm + structure : _bthe organisation of interior space / _cGraeme Brooker and Sally Stone. |
| 264 | 1 |
_aLausanne, Switzerland : _bAVA Academia, _c[2007] |
|
| 264 | 4 | _cc2007 | |
| 300 |
_a175 pages : _bcolor illustrations ; _c23 cm. |
||
| 336 |
_2rdacontent _atext _btxt |
||
| 337 |
_2rdamedia _aunmediated _bn |
||
| 338 |
_2rdacarrier _avolume _bnc |
||
| 490 | 0 |
_aBasics interior architecture ; _v1 |
|
| 500 | _aIncludes glossary. | ||
| 650 | 7 |
_aInterior architecture. _2BUEsh _93581 |
|
| 650 | 7 |
_aInterior architecture _xCase studies. _2BUEsh _93582 |
|
| 653 | _bENGARC | ||
| 655 | _vReading book | ||
| 700 | 1 |
_aStone, Sally, _eauthor. _93583 |
|
| 942 |
_2ddc _cBB |
||
| 999 |
_c11277 _d11277 |
||